Statistics for La Liga 2018-2019 Top scorers

Click here to take the quiz!

General Stats

  • This quiz has been taken 9 times
  • The average score is 7 of 12

Answer Stats

GoalsNationalityClubPlayer% Correct
21FranceReal MadridKarim Benzema
100%
36ArgentinaBarcelonaLionel Messi
100%
21UruguayBarcelonaLuis Suárez
100%
15FranceAtlético MadridAntoine Griezmann
86%
20SpainCelta VigoIago Aspas
86%
18FranceSevillaWissam Ben Yedder
86%
19UruguayGironaCristhian Stuani
71%
17SpainEspanyolBorja Iglesias
29%
14SpainGetafeJaime Mata
29%
14SpainGetafeJorge Molina
14%
14BrazilEibarl Charles
0%
14SpainRayo VallecanoRaúl de Tomás
0%

Score Distribution

Percentile by Number Answered

Percent of People with Each Score

Your Score History

You have not taken this quiz